Don Quijote de la Mancha : (Registro nro. 257663)

Detalles MARC
000 -LEADER
fixed length control field 02128nam a2200505 i 4500
001 - CONTROL NUMBER
control field DIGHERDER0385
003 - CONTROL NUMBER IDENTIFIER
control field NyNyDIG
008 - FIXED-LENGTH DATA ELEMENTS--GENERAL INFORMATION
fixed length control field 210310s2016 sp a o6 000 f spa d
006 - FIXED-LENGTH DATA ELEMENTS--ADDITIONAL MATERIAL CHARACTERISTICS
fixed length control field m o d
007 - PHYSICAL DESCRIPTION FIXED FIELD--GENERAL INFORMATION
fixed length control field cr |||||||||||
035 ## - SYSTEM CONTROL NUMBER
System control number (OCoLC)1241569423
040 ## - CATALOGING SOURCE
Original cataloging agency DGITA
Language of cataloging eng
Description conventions rda
-- pn
Transcribing agency DGITA
020 ## - INTERNATIONAL STANDARD BOOK NUMBER
International Standard Book Number 9788416540198
Qualifying information eBook
020 ## - INTERNATIONAL STANDARD BOOK NUMBER
International Standard Book Number 8416540195
Qualifying information eBook
020 ## - INTERNATIONAL STANDARD BOOK NUMBER
Canceled/invalid ISBN 9788416540181
020 ## - INTERNATIONAL STANDARD BOOK NUMBER
Canceled/invalid ISBN 8416540187
041 1# - LANGUAGE CODE
Language code of text/sound track or separate title spa
Language code of original jpn
043 ## - GEOGRAPHIC AREA CODE
Geographic area code e-sp---
050 14 - LIBRARY OF CONGRESS CALL NUMBER
Classification number PN6790.J3 ebook
110 2# - MAIN ENTRY--CORPORATE NAME
Corporate name or jurisdiction name as entry element Baraeti Āto Wākusu,
Relator term author.
240 10 - UNIFORM TITLE
Uniform title Manga de dokuha, Don Quixote.
Language of a work Spanish
245 10 - TITLE STATEMENT
Title Don Quijote de la Mancha :
Remainder of title la manga /
Statement of responsibility, etc. Miguel de Cervantes ; adaptación, Variety Artworks ; traducción, Marta E. Gallego Urbiola.
264 #1 - PRODUCTION, PUBLICATION, DISTRIBUTION, MANUFACTURE, AND COPYRIGHT NOTICE
Place of production, publication, distribution, manufacture [Barcelona] :
Name of producer, publisher, distributor, manufacturer La Otra H,
Date of production, publication, distribution, manufacture, or copyright notice [2016]
300 ## - PHYSICAL DESCRIPTION
Extent 1 online resource :
Other physical details illustrations.
336 ## - CONTENT TYPE
Content type term text
Content type code txt
Source rdacontent
337 ## - MEDIA TYPE
Media type term computer
Media type code c
Source rdamedia
338 ## - CARRIER TYPE
Carrier type term online resource
Carrier type code cr
Source rdacarrier
347 ## - DIGITAL FILE CHARACTERISTICS
File type text file
Source rdaft
347 ## - DIGITAL FILE CHARACTERISTICS
Encoding format EPUB
588 0# - SOURCE OF DESCRIPTION NOTE
Source of description note Online resource; title from ePub title page (Digitalia, viewed March 25, 2021)
600 10 - SUBJECT ADDED ENTRY--PERSONAL NAME
Personal name Quixote,
Titles and other words associated with a name Don (Fictitious character)
Form subdivision Comic books, strips, etc.
651 #0 - SUBJECT ADDED ENTRY--GEOGRAPHIC NAME
Geographic name Spain
General subdivision Social life and customs
Chronological subdivision 16th century
Form subdivision Comic books, strips, etc.
650 #0 - SUBJECT ADDED ENTRY--TOPICAL TERM
Topical term or geographic name entry element Knights and knighthood
Form subdivision Comic books, strips, etc.
655 #7 - INDEX TERM--GENRE/FORM
Genre/form data or focus term Comics (Graphic works)
Source of term lcgft
655 #0 - INDEX TERM--GENRE/FORM
Genre/form data or focus term Electronic books.
700 1# - ADDED ENTRY--PERSONAL NAME
Personal name Gallego Urbiola, Marta E.,
Relator term translator.
700 1# - ADDED ENTRY--PERSONAL NAME
Relationship information Graphic novelization of (work):
Personal name Cervantes Saavedra, Miguel de,
Dates associated with a name 1547-1616.
Title of a work Don Quixote.
710 2# - ADDED ENTRY--CORPORATE NAME
Relationship information Translation of:
Corporate name or jurisdiction name as entry element Baraeti Āto Wākusu.
Title of a work Manga de dokuha, Don Quixote.
791 2# -
-- Digitalia (Firm),
-- distributor.
793 0# -
-- Digitalia eBook Collection:
-- Herder Editorial
776 08 - ADDITIONAL PHYSICAL FORM ENTRY
Relationship information Print version:
Main entry heading Baraeti Āto Wākusu.
Uniform title Manga de dokuha, Don Quixote. Spanish.
Title Don Quijote de la Mancha.
Place, publisher, and date of publication Barcelona : La Otra H, [2016]
International Standard Book Number 9788416540181
Record control number (OCoLC)1027710120
856 40 - ELECTRONIC LOCATION AND ACCESS
Materials specified Digitalia Hispánica
Uniform Resource Identifier <a href="https://www.digitaliapublishing.com/a/61404/">https://www.digitaliapublishing.com/a/61404/</a>
910 ## - USER-OPTION DATA (OCLC)
User-option data Premium collection: 2021
942 ## - ADDED ENTRY ELEMENTS (KOHA)
Koha item type Recurso Electrónico
Existencias
Withdrawn status Lost status Damaged status Not for loan Collection Home library Current library Date acquired Total checkouts Date last seen Price effective from Koha item type
        Digitalia Ebooks Hispanica Biblioteca Digital UIN Biblioteca Digital UIN 04/25/2025   04/25/2025 04/25/2025 Recurso Electrónico

CONTACTO


NOSOTROS


SITIOS DE INTERES

coordinacion.biblioteca.biblioteca@unienlinea.mx Misión, Visión y Objetivos Bases de datos
Directorio Bibliotecas Digitales y Repositorios
Normatividad Revistas y artículos
Convenios interbibliotecarios
Boletines



Hecho en México. Universidad Insurgentes (UIN). Todos los derechos reservados 2024. Esta página y sus contenidos pueden ser reproducidos con fines no lucrativos, siempre y cuando no se mutile, se cite la fuente completa y su dirección electrónicas. De otra forma requiere permiso previo por escrito de la institución




2024 Copyright Universidad Insurgentes | www.bibliouin.com.mx